Obst/Gemüse-Variationen #2 - Statistiken

Allgemein
  • Dieses Quiz wurde 112 mal gespielt
  • Das Durchschnittsergebnis liegt bei 8 aus 15
Antwortstatistiken
Varianten # Obst/Gemüse % Korrekt
Zucker-, Rote Beete, Mangold R Rübe
89%
Zwetschgen, Mirabellen, Renekloden P Pflaume
87%
Salat-, Gewürz-, Freiland- G Gurke
86%
Platt-, Zwerg-, Weinberg- P Pfirsich
82%
Zucker-, Zahn-, Puff- M Mais
78%
Cavendish-, Apfel-, Koch- B Banane
77%
Weißer, Grüner, Violetter S Spargel
70%
Tulameen, Autumn Bliss, Wald- H Himbeere
54%
Hass, Fuerte, Pinkerton A Avocado
48%
Süß-, Bitter-, Krach- M Mandel
33%
Kent-, Keitt-, Irwin- M Mango
32%
Lisbon, Eureka, Meyer Z Zitrone
29%
Black Beauty, Slim Jim, Violetta Lunga 3 A Aubergine
15%
Romanesco, Imperial Star, Green Globe A Artischocke
13%
Navaho, Black Satin, Loch Ness B Brombeere
11%
Keine übereinstimmenden Quizze gefunden
Verteilung der Resultate
Anzahl Personen mit jedem Resultat
Perzentil nach korrekt beantworteten Fragen
Ihre Resultats-Entwicklung
Sie haben dieses Quiz noch nicht gespielt